[Event "Asian Schools-ch U13 12th Blitz"]
[Site "Tehran"]
[Date "2016.07.16"]
[Round "7.1"]
[White "Thilakarathne, GM Harshana"]
[Black "Bilguun, Lkhagvasanj"]
[Result "1-0"]
[WhiteElo "1719"]
[BlackElo "1709"]
[PlyCount "173"]
[EventDate "2016.07.16"]
[EventType "swiss (blitz)"]
[EventRounds "9"]
[EventCountry "IRI"]
[SourceTitle "EXT 2024"]
[Source "ChessBase"]
[SourceDate "2023.10.10"]
[SourceVersion "1"]
[SourceVersionDate "2023.10.10"]
[SourceQuality "1"]

1. b3 e5 2. Bb2 Nc6 3. e3 Nf6 4. c4 d5 5. cxd5 Nxd5 6. a3 Be6 7. d3 Be7 8. Nd2 Bf6 9. Qc2 Qd7 10. Ngf3 0-0 11. Be2 Rad8 12. 0-0 Bf5 13. Rac1 Bg6 14. b4 a6 15. Ne4 Bxe4 16. dxe4 Nb6 17. b5 axb5 18. Bxb5 Qe6 19. Bxc6 bxc6 20. Qxc6 Qb3 21. Bxe5 Bxe5 22. Nxe5 Rfe8 23. Nc4 Nxc4 24. Qxc4 Qxa3 25. Qxc7 Qd3 26. e5 Qe4 27. Rc5 Rd2 28. Qe7 Rf8 29. Qg5 h6 30. Qf4 Qd3 31. g4 Rd1 32. Rxd1 Qxd1+ 33. Kg2 Rd8 34. Rc7 Qd5+ 35. e4 Qe6 36. Qf5 Qe8 37. h4 Qf8 38. h5 Qe8 39. g5 hxg5 40. Qxg5 Qa4 41. Qxd8+ Kh7 42. Rxf7 Qxe4+ 43. f3 Qe2+ 44. Kg3 Qxe5+ 45. Rf4 Qe1+ 46. Kg4 Qg1+ 47. Kf5 Qc5+ 48. Ke4 Qc6+ 49. Qd5 Qa4+ 50. Kf5 Qe8 51. Qe6 Qxh5+ 52. Ke4 Qh1 53. Qf5+ Kg8 54. Qe6+ Kh7 55. Qd5 Qe1+ 56. Kf5 Qg3 57. Qd8 Qh3+ 58. Ke5 Qh5+ 59. Ke4 Qg6+ 60. Ke3 Qe6+ 61. Re4 Qb3+ 62. Kf4 Qf7+ 63. Kg4 Qg6+ 64. Qg5 Qxg5+ 65. Kxg5 Kg8 66. Kg6 Kf8 67. Rf4+ Kg8 68. Ra4 Kf8 69. Ra8+ Ke7 70. Kxg7 Kd6 71. f4 Ke6 72. Kg6 Ke7 73. f5 Kd6 74. f6 Kc7 75. f7 Kb7 76. f8Q Kc7 77. Qd8+ Kc6 78. Ra6+ Kb5 79. Rb6+ Kc4 80. Qh4+ Kc5 81. Qf2+ Kc4 82. Rc6+ Kd5 83. Qc5+ Ke4 84. Re6+ Kd3 85. Re3+ Kd2 86. Qc3+ Kd1 87. Re1# 1-0

[Event "Asia-ch U14"]
[Site "Ulaanbaatar"]
[Date "2016.04.09"]
[Round "5"]
[White "Al Hosani, Omran"]
[Black "Bilguun, Lkhagvasanj"]
[Result "1-0"]
[WhiteElo "1789"]
[BlackElo "1705"]
[PlyCount "46"]
[EventDate "2016.04.06"]
[EventType "swiss"]
[EventRounds "9"]
[EventCountry "MGL"]
[SourceTitle "EXT 2017"]
[Source "ChessBase"]
[SourceDate "2016.10.25"]
[SourceVersion "1"]
[SourceVersionDate "2016.10.25"]
[SourceQuality "1"]

1. d4 Nf6 2. c4 g6 3. Nf3 Bg7 4. g3 0-0 5. Bg2 d6 6. 0-0 Nbd7 7. Nc3 e5 8. e4 c6 9. Be3 Qe7 10. h3 Ne8 11. Qd2 f5 12. Bg5 Qf7 13. dxe5 dxe5 14. Bh6 fxe4 15. Nxe4 Qxc4 16. Bxg7 Nxg7 17. Nd6 Qe6 18. Ng5 Qe7 19. Nge4 Nf6 20. g4 Rd8 21. f4 Bxg4 22. fxe5 Bf5 23. Nxf6+ Kh8 1-0

[Event "World ol U16"]
[Site "Ulaanbaatar"]
[Date "2015.08.27"]
[Round "9.2"]
[White "Bilguun, Lkhagvasanj"]
[Black "Bilguun, Purvee"]
[Result "0-1"]
[WhiteElo "1691"]
[BlackElo "1641"]
[PlyCount "170"]
[EventDate "2015.08.20"]
[EventType "team-swiss"]
[EventRounds "9"]
[EventCountry "MGL"]
[SourceTitle "EXT 2016"]
[Source "ChessBase"]
[SourceDate "2015.10.08"]
[SourceVersion "1"]
[SourceVersionDate "2015.10.08"]
[SourceQuality "1"]
[WhiteTeam "Mongolia V"]
[BlackTeam "Mongolia IV"]
[WhiteTeamCountry "MGL"]
[BlackTeamCountry "MGL"]

1. e4 e5 2. Nf3 Nc6 3. Bb5 a6 4. Ba4 Nf6 5. 0-0 Be7 6. Re1 b5 7. Bb3 d6 8. c3 0-0 9. d4 exd4 10. cxd4 Bg4 11. Be3 Na5 12. Bc2 Nc4 13. Bc1 c5 14. b3 Nb6 15. Bb2 Rc8 16. Nbd2 c4 17. bxc4 Nxc4 18. Nxc4 Rxc4 19. Bd3 Rc8 20. e5 dxe5 21. dxe5 Nd5 22. Be4 Nc3 23. Qxd8 Rfxd8 24. Bb7 Rc7 25. Bxa6 Na4 26. Re2 Rb8 27. Bd4 Bc5 28. Rc1 Rb6 29. Bxc5 Rxc5 30. Rxc5 Nxc5 31. Rc2 Nxa6 32. Nd4 h6 33. f4 g6 34. h3 Be6 35. a3 h5 36. Kf2 b4 37. axb4 Nxb4 38. Rd2 Ra6 39. Kg3 Ra3+ 40. Kh4 Rd3 41. Rxd3 Nxd3 42. Kg5 Bd5 43. g4 Kg7 44. gxh5 gxh5 45. Nf5+ Kf8 46. Ne3 Bf3 47. Nf5 Nc5 48. Nd6 Ke7 49. Nf5+ Kf8 50. Nd6 Bd1 51. f5 Ke7 52. Nc8+ Kd7 53. Nd6 Ke7 54. Nc8+ Kf8 55. Nd6 Bf3 56. f6 Ne6+ 57. Kh6 Be2 58. h4 Nd4 59. Kg5 Nf3+ 60. Kxh5 Nxe5+ 61. Kg5 Nf3+ 62. Kg4 Nd4+ 63. Kg5 Ne6+ 64. Kh6 Kg8 65. Nf5 Bf3 66. h5 Bd1 67. Ne7+ Kf8 68. Nf5 Nc5 69. Ng3 Ne6 70. Nf5 Bc2 71. Ne3 Bd3 72. Nf5 Nc5 73. Ne3 Ne4 74. Nd5 Bc4 75. Ne3 Be6 76. Ng2 Nxf6 77. Kg5 Ne4+ 78. Kf4 Nd6 79. Nh4 Kg7 80. Nf3 Kh8 81. Ng5 Ne8 82. Nxf7+ Bxf7 83. Kg4 Bc4 84. Kf5 Ng7+ 85. Kf6 Be2 0-1

[Event "World ol U16"]
[Site "Ulaanbaatar"]
[Date "2015.08.22"]
[Round "3.2"]
[White "Gokerkan, Cem Kaan"]
[Black "Bilguun, Lkhagvasanj"]
[Result "1-0"]
[WhiteElo "2205"]
[BlackElo "1691"]
[PlyCount "60"]
[EventDate "2015.08.20"]
[EventType "team-swiss"]
[EventRounds "9"]
[EventCountry "MGL"]
[SourceTitle "EXT 2016"]
[Source "ChessBase"]
[SourceDate "2015.10.08"]
[SourceVersion "1"]
[SourceVersionDate "2015.10.08"]
[SourceQuality "1"]
[WhiteTeam "Turkey"]
[BlackTeam "Mongolia V"]
[WhiteTeamCountry "TUR"]
[BlackTeamCountry "MGL"]

1. e4 e5 2. Nf3 Nc6 3. Bc4 Bc5 4. d3 Nf6 5. c3 0-0 6. b4 Bb6 7. Bg5 d6 8. Nbd2 Be6 9. 0-0 h6 10. Bh4 Kh7 11. a4 a6 12. a5 Ba7 13. Kh1 Ne7 14. Bxf6 gxf6 15. Nh4 Rg8 16. f4 exf4 17. d4 Bxc4 18. Nxc4 d5 19. Nd2 dxe4 20. Nxe4 Nd5 21. Qh5 c6 22. c4 Bxd4 23. cxd5 cxd5 24. Rad1 dxe4 25. Rxd4 Qe8 26. Qf5+ Kg7 27. Rxe4 Qb5 28. Rexf4 Qxf5 29. Rxf5 Rgd8 30. Rxf6 Rd7 1-0